Science Quiz

Random Science or Biology Quiz

Amino Acids by Picture Quiz Stats

 Plays Quiz Updated Jan 25, 2017

Support Sporcle.
Go Orange.
Score 0/20 Timer 05:00
5 Plays Today
% Correct
tryptophan
90.2%
phenylalanine
89.7%
glycine
89.5%
alanine
89%
proline
88.9%
isoleucine
88.8%
methionine
88.6%
leucine
88.5%
valine
88.2%
tyrosine
88.2%
% Correct
cysteine
87.8%
histidine
85.8%
glutamic acid
85.1%
lysine
84.5%
aspartic acid
84.5%
serine
84%
glutamine
82.1%
arginine
81.5%
threonine
81.2%
asparagine
79.7%

You're not logged in!

Compare scores with friends on all Sporcle quizzes.
OR
Log In
Forgot?

From the Vault

LogiCrossword: Zodiac

by El_Dandy

Alright, but did your horoscope say you would ace this one?
Remove Ads.
Support Sporcle.
Get the best of Sporcle when you Go Orange. This ad-free experience offers more features, more stats, and more fun while also helping to support Sporcle. Thank you for becoming a member.

Show Comments

Extras

Top Quizzes Today


Score Distribution

Your Account Isn't Verified!

In order to create a playlist on Sporcle, you need to verify the email address you used during registration. Go to your Sporcle Settings to finish the process.

Report this User

Report this user for behavior that violates our Community Guidelines.

Details: